00317nam a2200121Ia 4500008004100000040001600041041001200057082001500069100002800084245004000112260003200152300001100184230917s9999||||xx |||||||||||||| ||und|| e47269aMAIN aEnglish a294.1 D26A aDasgupta, Shahi Bhushan 0aAspects of Indian religious thought aCalcuttabFirma K L Mc1977 a247 p.